| 000 | 02182nam2a2200265 4500 | ||
|---|---|---|---|
| 001 | RU\NLR\BIBL_A\022690032 | ||
| 005 | 20260128101210.0 | ||
| 010 |
_a978-5-00226-241-0 _bч. 2 _9500 |
||
| 021 |
_aRU _bКН-П-25-067359 _9КН-П-25-6510 |
||
| 035 | _a(NLR Aleph) 022690032 | ||
| 090 |
_a13507445 _c13507445 |
||
| 100 | _a20251217d2025 k y0rusy50 ca | ||
| 101 | 0 | _arus | |
| 102 | _aRU | ||
| 105 | _aa|||z|||100yy | ||
| 200 | 0 | _aЧ. 2 | |
| 210 | _d2025 | ||
| 215 |
_a165, [1] с. _cил. |
||
| 461 | 0 |
_1001RU\NLR\BIBL_A\022690031 _12001#$aМолодежь XXI века: образование, наука, инновации$eматериалы XIII Всероссийской студенческой научно-практической конференции с международным участием (г. Новосибирск, 13-15 ноября 2024 г.)$eв 2 частях$fМинистерство просвещения Российской Федерации, Новосибирский государственный педагогический университет, Факультет психологии$gпод редакцией Е. В. Игнатовской$vЧ. 2 _913540121 _cНовосибирск _d2025 _fМинистерство просвещения Российской Федерации, Новосибирский государственный педагогический университет, Факультет психологии _nИзд-во НГПУ _oматериалы XIII Всероссийской студенческой научно-практической конференции с международным участием (г. Новосибирск, 13-15 ноября 2024 г.) : в 2 частях _tМолодежь XXI века: образование, наука, инновации _y978-5-00226-239-7 _vЧ. 2 |
|
| 606 | 1 |
_aУчащиеся _jСъезды, совещания и т.п _xОтклоняющееся поведение _xПсихокоррекция _92103716 _3RU\NLR\AUTH\661272025 |
|
| 686 | 1 | _aЮ983.620.1-81я431 | |
| 942 | _cBOOK | ||
| 980 | _aNB | ||